Non-linearity in the dynamic properties of rubber (Record no. 64013)

MARC details
000 -LEADER
fixed length control field 00367nam a2200121Ia 4500
100 ## - MAIN ENTRY--AUTHOR NAME
Personal name Payne A R
245 #0 - TITLE STATEMENT
Title Non-linearity in the dynamic properties of rubber
260 ## - PUBLICATION, DISTRIBUTION, ETC. (IMPRINT)
Name of publisher Proceedings of the 3rd Rubber Technology Conference, London, 1954; p413-438
650 ## - SUBJECT ADDED ENTRY--TOPICAL TERM
Topical Term Dynamic property
650 ## - SUBJECT ADDED ENTRY--TOPICAL TERM
Topical Term Rubber
942 ## - ADDED ENTRY ELEMENTS (KOHA)
Koha item type Journals
Holdings
Withdrawn status Lost status Damaged status Not for loan Home library Current library Shelving location Date acquired Koha item type
      Journals RRII Library RRII Library Rubber chemistry 17/12/2021 Journals